Quizzes
Events
Quiz Creation
Community
Videos
Private Events
Remove Ads
Sign In
Join for FREE
Feedback
Dark Mode
Quiz Categories
Sports
Geography
Music
Movies
Television
Just For Fun
Miscellaneous
History
Literature
Language
Science
Gaming
Entertainment
Religion
Holiday
For Kids
Quiz Lab
Recent
Popular Today
Quiz Kudos Today
Editor Picks
Curator Picks
Quizzes by...
Day
Popularity
Type
Ratings
Length
Year
Community
Subscriptions
Recent Discussions
Orange Saloon
Badges
Playlists
Quests
Create
Leaderboards
Showdown
Live 5
Trivia Bingo
Activity
Puzzle Library
Sporcle Events
Private Events
Virtual Trivia
Globe League
Become a Host
Pub Owners
SporcleCon
Opinionation
Our Games
Videos
Blog
Mobile Apps
Partnerships
Remove Ads and Go Orange
Feedback
Sports
Athletes
MLB
NBA
NHL
NFL
Soccer
Sports Teams
WWE
NCAA
Football
Premier League
Basketball
Baseball
Hockey
Golf
Tennis
Cricket
Rugby
Auto Racing
Olympics
World Cup
Sports
Athletes
MLB
NBA
NHL
NFL
Soccer
Sports Teams
WWE
NCAA
Football
Premier League
Basketball
Baseball
Hockey
Golf
Tennis
Cricket
Rugby
Auto Racing
Olympics
World Cup
Random Quiz
Search Sporcle
×
Quiz Lab
Quiz Lab
Sports
Tennis
Type in answers that appear in a list
Type in answers that appear in a list
Classic
Best Score? Go Orange.
US Open #1 Seeds Stats
Can you name the Most Year-End Grand Slams Tennis?
By
etennis
5m
74 Questions
343 Plays
343 Plays
343 Plays
Comments
Comments
Give Quiz Kudos
Give Quiz Kudos
-
- Ratings
hide this ad
Replay
Link that replays current quiz
Next Quiz
Link to next quiz in quiz playlist
You Got
0%
They Got
Avg Score
91%
Avg Friend Score
Upgrade to see
Score Distribution
Jump to the score distribution portion of the page
Score
0/74
Timer
05:00
0
Plays Today
Gender
Player
% Correct
Men
Roger Federer
99.4%
Men
Roger Federer
99.4%
Men
Roger Federer
99.4%
Men
Roger Federer
99.4%
Men
Roger Federer
99.4%
Men
Rafael Nadal
99.1%
Men
Rafael Nadal
99.1%
Men
John Mcenroe
97.7%
Men
John Mcenroe
97.7%
Men
John Mcenroe
97.7%
Men
John Mcenroe
97.7%
Men
John Mcenroe
97.7%
Men
Novak Djokovic
97.7%
Men
Pete Sampras
97.4%
Men
Pete Sampras
97.4%
Men
Pete Sampras
97.4%
Men
Pete Sampras
97.4%
Men
Pete Sampras
97.4%
Women
Serena Williams
96.8%
Men
Andre Agassi
96.2%
Men
Andre Agassi
96.2%
Men
Andre Agassi
96.2%
Men
Jimmy Connors
94.8%
Men
Jimmy Connors
94.8%
Women
Steffi Graf
94.5%
Women
Steffi Graf
94.5%
Women
Steffi Graf
94.5%
Women
Steffi Graf
94.5%
Women
Steffi Graf
94.5%
Women
Steffi Graf
94.5%
Women
Steffi Graf
94.5%
Women
Steffi Graf
94.5%
Women
Steffi Graf
94.5%
Men
Bjorn Borg
93.9%
Men
Bjorn Borg
93.9%
Men
Bjorn Borg
93.9%
Men
Bjorn Borg
93.9%
Gender
Player
% Correct
Women
Martina Navratilova
93.9%
Women
Martina Navratilova
93.9%
Women
Martina Navratilova
93.9%
Women
Martina Navratilova
93.9%
Women
Martina Navratilova
93.9%
Men
Lleyton Hewitt
92.4%
Men
Ivan Lendl
92.1%
Men
Ivan Lendl
92.1%
Men
Ivan Lendl
92.1%
Men
Ivan Lendl
92.1%
Women
Chris Evert
91.5%
Women
Chris Evert
91.5%
Women
Chris Evert
91.5%
Women
Chris Evert
91.5%
Women
Chris Evert
91.5%
Women
Chris Evert
91.5%
Women
Justine Henin
91.5%
Women
Justine Henin
91.5%
Men
Boris Becker
89.8%
Women
Monica Seles
89.8%
Women
Martina Hingis
89.5%
Women
Martina Hingis
89.5%
Women
Martina Hingis
89.5%
Women
Martina Hingis
89.5%
Women
Martina Hingis
89.5%
Men
Stefan Edberg
88.3%
Women
Kim Clijsters
87.8%
Women
Maria Sharapova
87.8%
Men
Jim Courier
83.1%
Men
Jim Courier
83.1%
Women
Caroline Wozniacki
79.3%
Women
Caroline Wozniacki
79.3%
Men
Gustavo Kuerten
75.8%
Women
Amile Mauresmo
74.1%
Women
Ana Ivanovic
73.2%
Women
DInara Safina
68.2%
Women
Tracy Austin
66.5%
Quiz Playlist
Details
Report
Send in Message
Add To Playlist
Classic:
Type in answers that appear in a list
Last Updated: Feb 16, 2017
Quiz Scoreboard
CHALLENGE
Sign Up to Join the Scoreboard
Show All
Scores
Hide
Comments
May contain spoilers
Recently Published
An Introduction to Baseball
by treessimontrees
Sports
5m
Movies - When Are They Set?
by FPL_Elf
Movies
5m
Popular People in 1961
by mucciniale
History
6m
More to Explore
Quiz From the Vault
Featured Blog Post
Where Did the Easter Bunny Come From?
hide this ad
You Might Also Like...
Tags
Tennis Quiz
US Open
Today's Top Quizzes in Sports
Browse Sports
hide this ad
Today's Top Quizzes in Tennis
Browse Tennis
Top Contributed Quizzes in Sports
1
Les meilleurs buteurs des matchs entre le PSG et l’OM
2
2022 World Cup Stars
3
FIFA Club World Cup Champions
4
Les entraîneurs de l'OM et du PSG au 21e siècle
5
Name the Premier League winners with different clubs
6
La finale Lions - Afrique du Sud 2021
7
Criteria MLB: Left Handed Sluggers
8
Les joueurs passés par le LOSC et le RC Lens
9
Players with Multiple 50 Home Run Seasons
10
MLB Players with Two .350 Batting Average Seasons
Explore More
Trending Topics
Disney
Anime
Kpop
Crossword
Harry Potter
Marvel
NBA
Song
Country
Pokémon
The Office
WWE
Soccer
NFL
Puzzle
hide this ad
More By:
etennis
Quiz
Plays
Rating
Category
Featured
Created
2000s ATP Year End Top 10
400
3.67
Sports
Jul 22, 2011
US Open #1 Seeds
343
2.50
Sports
Sep 1, 2011
Top 25 Points Per Game 2010-2011 NBA
140
4.00
Sports
Jul 23, 2011
Big 4 Sports Champions Since 2000
133
1.00
Sports
Aug 14, 2011
Types of Shots in Tennis
128
2.50
Sports
Jul 26, 2011
Go to Creator's Profile
Score Distribution
Quiz Creator Spotlight
etennis
Follow
Send a Message
Quizzes Created
-
Created Quiz Play Count
-
More By This Creator
Popular Quizzes Today
1
Find the Countries of Europe - No Outlines Minefield
2
Find the US States - No Outlines Minefield
3
The Countries of the World
4
Popular People in 1961
5
US States
6
1-10 Letter E Words III
7
Find the US States
8
One Thing in Common: World Cities II
More Sports Quizzes
Fade Out Blitz: NBA Players
Quiz Lab
Trending Quizzes
Risky Map Clicking: Least Populous States A-Z
1-10 Letter F Words
1-10 Letter G Words
One Thing in Common: United Kingdom
Risky Map Clicking: Next State Alphabetically
Recently Updated
Leaping Animals
pecheneg
Reality TV Shows (A-Z)
bhenderson79
Rickey Henderson's Hall of Fame Teammates
pecheneg
Champions League XIs: Arsenal
pecheneg
Quick Pick: Celebrities in WWE's Hall of Fame
aduchscher
A-Z Keypad Blitz II
pecheneg
Multiple Oscar Actors
pecheneg
Mystery Phrase Blitz: Oscar 'Best Actors'
pecheneg
F. Scott Fitzgerald Novels
LTH
Pick 3 Villains
ddd62291
Trending Topics
Marvel
Anime
Crossword
Harry Potter
Disney
Kpop
NBA
Soccer
NFL
Country
Puzzle
Song
Pokémon
The Office
WWE
Your Account Isn't Verified!
In order to create a playlist on Sporcle, you need to verify the email address you used during registration. Go to your
Sporcle Settings
to finish the process.
Report this User
Report this user for behavior that violates our
Community Guidelines
.
Details:
Send Report
Go to the Sporcle.com Mobile Site →
Comments